00519 2200193 4500001002100000005001500021008004100036020001800077035001900095041000700114082001600121090001600137100001900153245006400172250000600236260003500242300003100277650001700308INLIS00000000002366420241224131541241224||||||||| | ||| |||| || |  a979-002-405-3 0010-1224023664 aid0 a635.2 SIN b a635.2 SIN b0 aSINGGIH WIBOWO00aBudi Daya Bawang, Bawang Merah, Bawang Putih, Bawang Bombay a1 aJakartabPenebar Swadayac2009 aiv, 180 hlm.; Ilus.: 23 cm 0aIlmu Terapan